Mots terminant par -xe - Statistiques

Statistiques générales
  • Ce quiz a été pris 243 fois
  • Le résultat moyen est 15 sur 20
Statistiques - réponses
Définition Mot % Correct
Sport d'Ali ou Tyson {Bo}xe
100%
Un impôt, en somme {Ta}xe
94%
Un accent ni aigu, ni grave, ni tréma {Circonflè}xe
92%
Qui ne bouge pas {Fi}xe
89%
Pas simple, compliqué {Comple}xe
86%
Pas concave {Conve}xe
79%
Lorsqu'il se produit, la durée du jour et de la nuit sont égales {Équino}xe
79%
Réponse rapide et involontaire à une stimulation {Réfle}xe
79%
C'est coûteux et somptueux ! {Lu}xe
78%
On le place après un radical. Exemple : -able {Suffi}xe
78%
Il faut la respecter pour construire de belles phrases {Synta}xe
78%
Prépare une soupe, ou arrange les sons {Mi}xe
73%
C'est la bagarre ! {Ri}xe
72%
Froisse la susceptibilité {Ve}xe
71%
Essai de Simone de Beauvoir : Le Deuxième ____ {Se}xe
67%
Pétrit pour rendre mou, comme le boulanger. Ou le masseur. {Mala}xe
66%
Quand le jugement déclare le prévenu non coupable {Rela}xe
62%
Hésitant, ne sachant que penser {Perple}xe
56%
Conforme à la doctrine d'une religion {Orthodo}xe
27%
Faits qui semblent inconciliables car contradictoires {Parado}xe
23%
Aucun quiz correspondant
Distribution des résultats
% des personnes avec chaque résultat
Percentile par nombre de réponses
Votre historique - résultats
Vous n’avez pas pris ce quiz